<?xml version="1.0" encoding="UTF-8"?><?xml-stylesheet type="text/xsl" href="static/style.xsl"?><OAI-PMH xmlns="http://www.openarchives.org/OAI/2.0/" xmlns:xsi="http://www.w3.org/2001/XMLSchema-instance" xsi:schemaLocation="http://www.openarchives.org/OAI/2.0/ http://www.openarchives.org/OAI/2.0/OAI-PMH.xsd"><responseDate>2026-04-17T06:49:17Z</responseDate><request verb="GetRecord" identifier="oai:www.recercat.cat:2117/426387" metadataPrefix="marc">https://recercat.cat/oai/request</request><GetRecord><record><header><identifier>oai:recercat.cat:2117/426387</identifier><datestamp>2026-01-16T08:20:16Z</datestamp><setSpec>com_2072_1033</setSpec><setSpec>col_2072_452950</setSpec></header><metadata><record xmlns="http://www.loc.gov/MARC21/slim" xmlns:dcterms="http://purl.org/dc/terms/" xmlns:xsi="http://www.w3.org/2001/XMLSchema-instance" xmlns:doc="http://www.lyncode.com/xoai" xsi:schemaLocation="http://www.loc.gov/MARC21/slim http://www.loc.gov/standards/marcxml/schema/MARC21slim.xsd">
   <leader>00925njm 22002777a 4500</leader>
   <datafield ind2=" " ind1=" " tag="042">
      <subfield code="a">dc</subfield>
   </datafield>
   <datafield ind2=" " ind1=" " tag="720">
      <subfield code="a">Romero Morales, Enrique Edgar</subfield>
      <subfield code="e">author</subfield>
   </datafield>
   <datafield ind2=" " ind1=" " tag="260">
      <subfield code="c">2024-07</subfield>
   </datafield>
   <datafield ind2=" " ind1=" " tag="520">
      <subfield code="a">&lt;jats:p>Examples of upscaling phenomena with experimental techniques are presented and discussed within the framework of compacted soils for hydraulic and environmental earthworks and engineered barriers for the energy sector. A series of laboratory experiments at different scales are presented and interpreted to focus on the need for experimental upscaling in compacted soils since distinctive behavioural features can only be detected at specific length scales. Permeability results on fine-grained soils and artificially prepared sand/bentonite mixture at different scales will be discussed with microstructural tests regarding ‘dry’ or ‘wet side’ compaction, element and mock-up tests on compacted soils in the laboratory, and field tests on a compacted trial embankment and demonstration test to explore anisotropic and heterogeneous features. The presented examples will help to motivate new experimental research subjects and promote experimental protocols at different scales ranging from mm-scale (micro), cm-scale element tests, dm-scale mock-ups and m-scale (trial/demonstration tests) to help understand and approach some fundamental questions observed at the application scale of compacted soils.&lt;/jats:p></subfield>
   </datafield>
   <datafield ind2=" " ind1=" " tag="520">
      <subfield code="a">Peer Reviewed</subfield>
   </datafield>
   <datafield ind2=" " ind1=" " tag="520">
      <subfield code="a">Postprint (published version)</subfield>
   </datafield>
   <datafield tag="653" ind2=" " ind1=" ">
      <subfield code="a">Àrees temàtiques de la UPC::Enginyeria civil::Geotècnia::Mecànica de sòls</subfield>
   </datafield>
   <datafield tag="653" ind2=" " ind1=" ">
      <subfield code="a">Microstructural tests</subfield>
   </datafield>
   <datafield tag="653" ind2=" " ind1=" ">
      <subfield code="a">Element and field tests</subfield>
   </datafield>
   <datafield tag="653" ind2=" " ind1=" ">
      <subfield code="a">Compacted soils</subfield>
   </datafield>
   <datafield tag="653" ind2=" " ind1=" ">
      <subfield code="a">Earthworks</subfield>
   </datafield>
   <datafield tag="653" ind2=" " ind1=" ">
      <subfield code="a">Engineered barriers</subfield>
   </datafield>
   <datafield ind2="0" ind1="0" tag="245">
      <subfield code="a">Soil testing at different scales: from micro-experiments to field tests in earthworks</subfield>
   </datafield>
</record></metadata></record></GetRecord></OAI-PMH>